Construcción económica de ciudades / (Record no. 141808)

MARC details
000 -LEADER
campo de control de longitud fija 00491nam a2200157 i 4500
001 - NÚMERO DE CONTROL
campo de control 141808
003 - IDENTIFICADOR DE NÚMERO DE CONTROL
campo de control ES-MaACL
005 - FECHA Y HORA DE LA ÚLTIMA TRANSACCIÓN
campo de control 20230906200355.0
007 - CAMPO FIJO DE DESCRIPCIÓN FÍSICA--INFORMACIÓN GENERAL
campo de control de longitud fija t|
008 - DATOS DE LONGITUD FIJA--INFORMACIÓN GENERAL
campo de control de longitud fija 070928s1957 sp ||||1| spa d
100 1# - ENTRADA PRINCIPAL--NOMBRE DE PERSONA
Nombre de persona Wagner, Martin.
9 (RLIN) 115847
245 10 - MENCIÓN DEL TÍTULO
Título Construcción económica de ciudades /
Mención de responsabilidad, etc. por Martín Wagner ; traducción castellana de José López Zanon.
260 ## - PUBLICACIÓN, DISTRIBUCIÓN, ETC.
Lugar de publicación, distribución, etc. Madrid :
Nombre del editor, distribuidor, etc. Dossat,
Fecha de publicación, distribución, etc. 25 cm.
700 1# - ENTRADA AGREGADA--NOMBRE PERSONAL
Nombre de persona López Zanón, José.
9 (RLIN) 74046
852 ## - LOCALIZACIÓN
Ubicación ES-MaACL
Número de control de estantería C-12142
Sublocalización o colección R.40148
Holdings
Estatus retirado Estado de pérdida Estado de daño No para préstamo Biblioteca de origen Biblioteca actual Ubicación en estantería Fecha de adquisición Fuente de adquisición Total de préstamos Signatura topográfica completa Código de barras Visto por última vez Precio de reemplazo Tipo de ítem Koha
        Biblioteca del Ateneo de Madrid Biblioteca del Ateneo de Madrid Sala Palomar 17/01/2008     C-12142 1147554 23/02/2023 23/02/2023 Libro impreso